LEADER 00954nam0-2200325---450- 001 990008668020403321 005 20080604101514.0 010 $a978-0-691-13690-5 035 $a000866802 035 $aFED01000866802 035 $a(Aleph)000866802FED01 035 $a000866802 100 $a20080604d2008----km-y0itay50------ba 101 0 $aeng 102 $aUS 105 $ay-------001yy 200 1 $aChina's new confucianism$epolitics and everyday life in a changing society$fDaniel A. Bell 210 $aPrinceton$cPrinceton University Press$d2008 215 $aXVII, 240 p.$d24 cm 610 0 $aCina$aCondizioni sociali$a2000 610 0 $aCina$aConfucianismo 676 $a306.20951$v21$zita 700 1$aBell,$bDaniel A.$0254377 801 0$aIT$bUNINA$gRICA$2UNIMARC 901 $aBK 912 $a990008668020403321 952 $aXIII A 393$b43312$fFSPBC 959 $aFSPBC 996 $aChina's new confucianism$9717635 997 $aUNINA LEADER 01883oam 2200493zu 450 001 9910872531203321 005 20241212215521.0 035 $a(CKB)1000000000331595 035 $a(SSID)ssj0000394354 035 $a(PQKBManifestationID)12121786 035 $a(PQKBTitleCode)TC0000394354 035 $a(PQKBWorkID)10387923 035 $a(PQKB)10587987 035 $a(EXLCZ)991000000000331595 100 $a20160829d2006 uy 101 0 $aeng 181 $ctxt 182 $cc 183 $acr 200 10$aDIPED-2006 : proceedings of XIth International Seminar/Workshop on Direct and Inverse Problems of Electromagnetic and Acoustic Wave Theory : Tbilisi, October 11-13, 2006 210 31$a[Place of publication not identified]$cPidstryhach Institute of Applied Problems of Mechanics and Mathematics NASU$d2006 300 $aBibliographic Level Mode of Issuance: Monograph 311 08$a9789660238732 311 08$a9660238738 606 $aElectromagnetic waves$xScattering$vCongresses 606 $aSound-waves$vCongresses 606 $aPhysics$2HILCC 606 $aElectricity & Magnetism$2HILCC 606 $aPhysical Sciences & Mathematics$2HILCC 615 0$aElectromagnetic waves$xScattering 615 0$aSound-waves 615 7$aPhysics 615 7$aElectricity & Magnetism 615 7$aPhysical Sciences & Mathematics 676 $a539.2 712 02$aIEEE Electromagnetic Compatibility Society, 712 02$aInstytut prykladnykh problem mekhaniky i matematyky im. I?A?.S. Pidstryhacha, 712 02$aT`bilisis saxelmcip`o universiteti. 712 12$aInternational Seminar/Workshop on Direct and Inverse Problems of Electromagnetic and Acoustic Wave Theory. 801 0$bPQKB 906 $aPROCEEDING 912 $a9910872531203321 996 $aDIPED-2006 : proceedings of XIth International Seminar$92513176 997 $aUNINA